Villes ayant accueilli plusieurs Jeux olympiques d'été - Statistiques

Statistiques générales
  • Ce quiz a été pris 64 fois
  • Le résultat moyen est 5 sur 5
Statistiques - réponses
Nombre d'éditions Années Pays % Correct
3 1900; 1924; 2024 Paris
100%
3 1908; 1948; 2012 Londres
97%
2 1964; 2020 Tokyo
97%
2 1896; 2004 Athènes
88%
2 1932; 1984 Los Angeles
80%
Aucun quiz correspondant
Distribution des résultats
% des personnes avec chaque résultat
Percentile par nombre de réponses
Votre historique - résultats
Vous n’avez pas pris ce quiz